Meranie znalostnej ekonomiky

Dôležitosť znalostnej spoločnosti, v ktorej sa nachádzame. Význam výskumu, ktorý sa každoročne zaoberá meraním znalostnej ekonomiky a interpretácia jeho výsledkov na porovnaní dvoch krajín, a to Slovenskej republiky a Českej republiky.

Guardado en:
Detalles Bibliográficos
Autor principal: Romanová, Daniela, 1984-
Otros Autores: Pešáková, Petra, 1984-
Formato: Capítulo de libro
Lenguaje:eslovaco
Materias:
Etiquetas: Agregar Etiqueta
Sin Etiquetas, Sea el primero en etiquetar este registro!

MARC

LEADER 00000nla$a2200000$$$4500
001 0143279
005 20240502072552.8
041 0 |a slo 
044 |a SK 
245 1 0 |a Meranie znalostnej ekonomiky  |c Daniela Romanová, Petra Pešáková 
520 |a Dôležitosť znalostnej spoločnosti, v ktorej sa nachádzame. Význam výskumu, ktorý sa každoročne zaoberá meraním znalostnej ekonomiky a interpretácia jeho výsledkov na porovnaní dvoch krajín, a to Slovenskej republiky a Českej republiky. 
610 2 0 |a spoločnosť vedomostná 
610 2 0 |a ekonomika znalostná 
610 2 0 |a meranie 
610 2 0 |a manažment znalostný 
610 2 0 |a Slovensko 
610 2 0 |a Česko 
610 2 0 |a porovnanie medzinárodné 
100 1 |a Romanová, Daniela, 1984- 
700 1 |a Pešáková, Petra, 1984-